[Event "Valasska Bystrice op"]
[Site "Valasska Bystrice"]
[Date "2016.09.15"]
[Round "7"]
[White "Parol, Pola"]
[Black "Maly, Marek"]
[Result "1/2-1/2"]
[WhiteElo "1859"]
[BlackElo "2211"]
[PlyCount "70"]
[EventDate "2016.09.10"]
[EventType "swiss"]
[EventRounds "9"]
[EventCountry "CZE"]
[SourceTitle "CBM 174 Extra"]
[Source "ChessBase"]
[SourceDate "2016.10.10"]
[SourceVersion "1"]
[SourceVersionDate "2016.10.10"]
[SourceQuality "1"]

1. e4 e6 2. d4 d5 3. Nc3 Nf6 4. Bg5 Bb4 5. e5 h6 6. Be3 Ne4 7. Nge2 c5 8. a3 Nxc3 9. Nxc3 cxd4 10. Bxd4 Be7 11. Qg4 Kf8 12. Bd3 Nc6 13. Ne2 Qc7 14. Qg3 Nxd4 15. Nxd4 Qb6 16. Nb3 Bd7 17. 0-0 g6 18. Kh1 Kg7 19. f4 Rac8 20. a4 Qb4 21. a5 Bb5 22. Bxb5 Qxb5 23. f5 exf5 24. Nd4 Qd7 25. Nxf5+ Kh7 26. Nxe7 Qxe7 27. Qf3 Rhf8 28. Qxd5 Rc5 29. Qd4 Qxe5 30. Qb4 Qc7 31. c3 Kg8 32. a6 b6 33. Rae1 Rh5 34. h3 Qg3 35. Qe7 Rxh3+ 1/2-1/2

[Event "Valasska Bystrice op"]
[Site "Valasska Bystrice"]
[Date "2016.09.11"]
[Round "3"]
[White "Kratky, Josef"]
[Black "Maly, Marek"]
[Result "1/2-1/2"]
[WhiteElo "2079"]
[BlackElo "2211"]
[PlyCount "66"]
[EventDate "2016.09.10"]
[EventType "swiss"]
[EventRounds "9"]
[EventCountry "CZE"]
[SourceTitle "CBM 174 Extra"]
[Source "ChessBase"]
[SourceDate "2016.10.10"]
[SourceVersion "1"]
[SourceVersionDate "2016.10.10"]
[SourceQuality "1"]

1. Nf3 d5 2. c4 c6 3. g3 dxc4 4. Bg2 Nd7 5. 0-0 Nb6 6. Qc2 Nf6 7. Na3 Qd5 8. Nh4 Qe6 9. e4 g6 10. b3 cxb3 11. axb3 Bg7 12. Bb2 0-0 13. d4 Qd7 14. Rad1 e6 15. f4 Ng4 16. Qe2 f5 17. h3 Nh6 18. e5 Nd5 19. Nc4 Nf7 20. Ne3 b6 21. Nxd5 cxd5 22. g4 fxg4 23. hxg4 Nh6 24. Ba3 Rf7 25. Bh3 Qd8 26. Ng2 a5 27. Rf3 Ba6 28. Qf2 Bf8 29. Bc1 Raa7 30. Ne3 Bc8 31. Rf1 Rac7 32. Ng2 Qe8 33. Nh4 Ba6 1/2-1/2

[Event "Valasska Bystrice op"]
[Site "Valasska Bystrice"]
[Date "2016.09.11"]
[Round "2"]
[White "Maly, Marek"]
[Black "Uhlir, Jiri"]
[Result "1-0"]
[WhiteElo "2211"]
[BlackElo "1913"]
[PlyCount "165"]
[EventDate "2016.09.10"]
[EventType "swiss"]
[EventRounds "9"]
[EventCountry "CZE"]
[SourceTitle "CBM 174 Extra"]
[Source "ChessBase"]
[SourceDate "2016.10.10"]
[SourceVersion "1"]
[SourceVersionDate "2016.10.10"]
[SourceQuality "1"]

1. d4 Nf6 2. c4 e6 3. Nf3 Bb4+ 4. Bd2 Bxd2+ 5. Qxd2 0-0 6. Nc3 d5 7. e3 b6 8. Be2 Bb7 9. cxd5 exd5 10. 0-0 Nbd7 11. Rac1 c6 12. Rfe1 Re8 13. Qc2 h6 14. h3 Rc8 15. b4 Ra8 16. Nd2 a5 17. bxa5 Rxa5 18. Bf3 Ra8 19. Rb1 Rc8 20. Qb3 Ba6 21. Rec1 Bd3 22. Rb2 Ne4 23. Ndxe4 dxe4 24. Bg4 b5 25. a4 Rb8 26. axb5 Bxb5 27. Nxb5 cxb5 28. Qd5 Nf6 29. Qxd8 Rexd8 30. Be2 b4 31. f3 Re8 32. Kf2 exf3 33. Bxf3 Rb6 34. Ke2 Reb8 35. Kd3 Ne8 36. Rc6 Nd6 37. Rxb6 Rxb6 38. e4 f6 39. d5 Kf8 40. Kd4 Ke7 41. Be2 Rb8 42. Bd3 Nf7 43. Kc5 Nd6 44. Ra2 b3 45. Ra6 Nb7+ 46. Kc6 Nd8+ 47. Kc7 Rb7+ 48. Kc8 Rd7 49. Rb6 Nf7 50. Rxb3 Nd6+ 51. Kb8 Rd8+ 52. Ka7 Nc8+ 53. Ka6 Nd6 54. Rc3 Ra8+ 55. Kb6 Rb8+ 56. Ka5 Rc8 57. Rc6 Kd7 58. Kb6 Rb8+ 59. Kc5 Nb7+ 60. Kd4 Nd6 61. Ra6 Rb7 62. e5 fxe5+ 63. Kxe5 Nf7+ 64. Kf5 Rb3 65. Ra7+ Kd6 66. Bc4 Rb4 67. Rxf7 Rxc4 68. Rxg7 Kxd5 69. Rd7+ Kc6 70. Rg7 Kd5 71. Kg6 Rc6+ 72. Kh5 Ke5 73. Rg6 Rc2 74. g4 Kf4 75. Rf6+ Kg3 76. Kxh6 Kxh3 77. g5 Kg4 78. g6 Rh2+ 79. Kg7 Kg5 80. Ra6 Rc2 81. Ra5+ Kg4 82. Kh7 Rh2+ 83. Kg8 1-0

[Event "Valasska Bystrice op"]
[Site "Valasska Bystrice"]
[Date "2013.09.10"]
[Round "5"]
[White "Maly, Marek"]
[Black "Malcanek, Jan"]
[Result "1/2-1/2"]
[WhiteElo "2207"]
[BlackElo "2033"]
[PlyCount "106"]
[EventDate "2013.09.07"]
[EventType "swiss"]
[EventRounds "9"]
[EventCountry "CZE"]
[SourceTitle "CBM 156 Extra"]
[Source "ChessBase"]
[SourceDate "2013.10.22"]
[SourceVersion "1"]
[SourceVersionDate "2013.10.22"]
[SourceQuality "1"]

1. d4 Nf6 2. c4 e6 3. g3 c5 4. Nf3 cxd4 5. Nxd4 a6 6. Bg2 Qc7 7. b3 Be7 8. 0-0 0-0 9. Bb2 d6 10. Nc3 Bd7 11. e3 Nc6 12. Nce2 Rac8 13. Rc1 Qb8 14. Qd2 Rfd8 15. Rfd1 Be8 16. e4 Ne5 17. h3 Qa7 18. Qe3 Bf8 19. Rc2 b5 20. cxb5 axb5 21. Rcd2 Qb6 22. Nxe6 Qxe3 23. fxe3 fxe6 24. Bxe5 Bc6 25. Bxf6 gxf6 26. Nd4 Bd7 27. Bf1 Rc5 28. b4 Re5 29. Bd3 Rh5 30. Kg2 Rc8 31. g4 Rg5 32. Kf3 h5 33. Rg2 Kf7 34. Kf2 hxg4 35. hxg4 Be7 36. Rh1 Rcg8 37. Rh5 Rxg4 38. Rxg4 Rxg4 39. Bxb5 Bxb5 40. Rxb5 Rxe4 41. a4 f5 42. a5 Bg5 43. Nc2 Rc4 44. Rb7+ Kf6 45. Nd4 Rc3 46. Nb5 Bxe3+ 47. Ke2 Rb3 48. Nxd6 Bd4 49. a6 f4 50. Ne4+ Kf5 51. Nd6+ Kf6 52. Rf7+ Ke5 53. Nc4+ Kd5 1/2-1/2

[Event "CZE-ch U20"]
[Site "Kouty nad Desnou"]
[Date "2013.03.12"]
[Round "6"]
[White "Mikes, Jan"]
[Black "Maly, Marek"]
[Result "0-1"]
[WhiteElo "2047"]
[BlackElo "2147"]
[PlyCount "104"]
[EventDate "2013.03.08"]
[EventType "tourn"]
[EventRounds "11"]
[EventCountry "CZE"]
[SourceTitle "EXT 2015"]
[Source "ChessBase"]
[SourceDate "2014.11.20"]
[SourceVersion "1"]
[SourceVersionDate "2014.11.20"]
[SourceQuality "1"]

1. e4 e6 2. d4 d5 3. e5 c5 4. c3 Nc6 5. Nf3 Qb6 6. Bd3 cxd4 7. cxd4 Bd7 8. 0-0 Nxd4 9. Nbd2 Nxf3+ 10. Nxf3 Bb5 11. Nd4 Bxd3 12. Qxd3 Bc5 13. Nc2 Qc7 14. Bd2 Ne7 15. Rac1 Qd7 16. Qh3 0-0 17. Kh1 Rac8 18. Bg5 Ng6 19. f4 h6 20. Bh4 Nxh4 21. Qxh4 Be7 22. Qf2 Qb5 23. b4 Qd3 24. Rfd1 Qg6 25. a3 Rc3 26. Nd4 Rfc8 27. Rxc3 Rxc3 28. f5 exf5 29. Nxf5 Bf8 30. Rf1 Rxa3 31. h3 Bxb4 32. Qd4 Qa6 33. Rc1 Bf8 34. Kh2 Qd3 35. Qg4 Qe4 36. Nxh6+ Kh7 37. Nxf7 Qxg4 38. hxg4 Kg6 39. Rf1 Be7 40. g3 Re3 41. Kg2 a5 42. Nh8+ Kh7 43. Nf7 a4 44. g5 g6 45. Nh6 Bxg5 46. Ng4 Re4 47. Kh3 a3 48. Rf7+ Kg8 49. Rxb7 Ra4 50. e6 a2 51. Rb8+ Kg7 52. Rb7+ Kf8 0-1

[Event "CZE-ch U20"]
[Site "Kouty nad Desnou"]
[Date "2013.03.11"]
[Round "4"]
[White "Balacek, Tadeas"]
[Black "Maly, Marek"]
[Result "1/2-1/2"]
[WhiteElo "2219"]
[BlackElo "2147"]
[PlyCount "47"]
[EventDate "2013.03.08"]
[EventType "tourn"]
[EventRounds "11"]
[EventCountry "CZE"]
[SourceTitle "EXT 2015"]
[Source "ChessBase"]
[SourceDate "2014.11.20"]
[SourceVersion "1"]
[SourceVersionDate "2014.11.20"]
[SourceQuality "1"]

1. c4 Nf6 2. g3 e6 3. Bg2 d5 4. Nf3 c6 5. 0-0 dxc4 6. a4 Be7 7. Qc2 0-0 8. Qxc4 Na6 9. d4 Qd5 10. Ne5 Qxc4 11. Nxc4 Nb4 12. Nba3 Rd8 13. Rd1 c5 14. Be3 Bd7 15. dxc5 Bxa4 16. Rxd8+ Rxd8 17. Bxb7 Rd7 18. b3 Rxb7 19. bxa4 Ng4 20. Nd6 Rd7 21. Bd2 Na6 22. Rc1 h6 23. h3 Nf6 24. Be3 1/2-1/2

[Event "CZE-ch U20"]
[Site "Kouty nad Desnou"]
[Date "2013.03.11"]
[Round "5"]
[White "Maly, Marek"]
[Black "Vlasak, Lukas"]
[Result "1-0"]
[WhiteElo "2147"]
[BlackElo "2302"]
[PlyCount "57"]
[EventDate "2013.03.08"]
[EventType "tourn"]
[EventRounds "11"]
[EventCountry "CZE"]
[SourceTitle "EXT 2015"]
[Source "ChessBase"]
[SourceDate "2014.11.20"]
[SourceVersion "1"]
[SourceVersionDate "2014.11.20"]
[SourceQuality "1"]

1. d4 d5 2. Nf3 Nf6 3. c4 c6 4. Nc3 dxc4 5. a4 Bf5 6. Ne5 Nbd7 7. Nxc4 Qc7 8. g3 e5 9. dxe5 Nxe5 10. Bf4 Nfd7 11. Bg2 g5 12. Bxe5 Nxe5 13. Qd4 f6 14. Ne3 Be6 15. Qe4 Qe7 16. 0-0-0 Bg7 17. Nf5 Bxf5 18. Qxf5 0-0 19. Be4 Bh6 20. f4 gxf4 21. gxf4 Ng6 22. Rd7 Qe5 23. Rg1 Qxf4+ 24. Kb1 Qxf5 25. Bxf5 Bg7 26. h4 Rad8 27. Rxb7 Rde8 28. h5 Ne7 29. Bd7 1-0

[Event "CZE-ch U20"]
[Site "Kouty nad Desnou"]
[Date "2013.03.10"]
[Round "3"]
[White "Maly, Marek"]
[Black "Kraus, Tomas"]
[Result "0-1"]
[WhiteElo "2147"]
[BlackElo "2314"]
[PlyCount "64"]
[EventDate "2013.03.08"]
[EventType "tourn"]
[EventRounds "11"]
[EventCountry "CZE"]
[SourceTitle "EXT 2015"]
[Source "ChessBase"]
[SourceDate "2014.11.20"]
[SourceVersion "1"]
[SourceVersionDate "2014.11.20"]
[SourceQuality "1"]

1. d4 Nf6 2. c4 c5 3. d5 e6 4. Nc3 exd5 5. cxd5 d6 6. Nf3 g6 7. e4 Bg7 8. Be2 0-0 9. 0-0 Re8 10. Nd2 Na6 11. f3 Nc7 12. a4 b6 13. Nc4 Ba6 14. Bg5 h6 15. Be3 Rb8 16. Qd2 Kh7 17. Ra2 Bxc4 18. Bxc4 a6 19. Qd3 Qc8 20. Bf4 Rd8 21. Rb1 Nd7 22. Bxd6 Ne5 23. Bxe5 Bxe5 24. b4 cxb4 25. Rxb4 b5 26. axb5 axb5 27. Nxb5 Nxb5 28. Rxb5 Rxb5 29. Bxb5 Qc5+ 30. Kh1 Rb8 31. Ba4 Qc4 32. Ra3 Rb3 0-1

[Event "CZE-chT2E 1112"]
[Site "Czech Republic"]
[Date "2012.03.25"]
[Round "10.2"]
[White "Maly, Marek"]
[Black "Fiala, Vaclav"]
[Result "1/2-1/2"]
[WhiteElo "1996"]
[BlackElo "2163"]
[PlyCount "59"]
[EventDate "2011.10.09"]
[EventType "team-tourn"]
[EventRounds "11"]
[EventCountry "CZE"]
[SourceTitle "EXT 2013"]
[Source "ChessBase"]
[SourceDate "2012.11.22"]
[SourceVersion "1"]
[SourceVersionDate "2012.11.22"]
[SourceQuality "1"]
[WhiteTeam "Sumperk"]
[BlackTeam "Borsice"]
[WhiteTeamCountry "CZE"]
[BlackTeamCountry "CZE"]

1. d4 Nf6 2. c4 g6 3. Nc3 d5 4. cxd5 Nxd5 5. e4 Nxc3 6. bxc3 Bg7 7. Bc4 c5 8. Ne2 Nc6 9. Be3 0-0 10. 0-0 Qc7 11. Rc1 Rd8 12. Bf4 e5 13. Bg5 Rd6 14. Bd5 cxd4 15. cxd4 Qd7 16. dxe5 Nxe5 17. Qd2 b5 18. Rfd1 Bb7 19. Bf4 Rd8 20. Bg5 Re8 21. Bf4 Bxd5 22. exd5 Rd8 23. Bxe5 Bxe5 24. Rc5 Qb7 25. Qd3 a6 26. Ng3 Bxg3 27. hxg3 Qe7 28. Kf1 Qa7 29. Rdc1 Qb7 30. Rd1 1/2-1/2

[Event "Kouty nad Desnou op-A"]
[Site "Kouty nad Desnou"]
[Date "2012.03.10"]
[Round "1"]
[White "Sabolova, Kristyna"]
[Black "Maly, Marek"]
[Result "1-0"]
[WhiteElo "1821"]
[BlackElo "2076"]
[PlyCount "87"]
[EventDate "2012.03.10"]
[EventType "swiss"]
[EventRounds "9"]
[EventCountry "CZE"]
[SourceTitle "EXT 2013"]
[Source "ChessBase"]
[SourceDate "2012.11.22"]
[SourceVersion "1"]
[SourceVersionDate "2012.11.22"]
[SourceQuality "1"]

1. d4 d5 2. Nf3 Nf6 3. e3 Bg4 4. Be2 e6 5. 0-0 Bd6 6. Nbd2 0-0 7. c4 c6 8. b3 Nbd7 9. Bb2 Qb8 10. h3 Bh5 11. Rc1 Re8 12. cxd5 exd5 13. Ne1 Bxe2 14. Qxe2 Qd8 15. Nd3 Qe7 16. Qd1 Ne4 17. Nf3 Rac8 18. Qc2 Qe6 19. b4 Nb6 20. Nc5 Qe7 21. a3 Nc4 22. Qe2 a5 23. Nxe4 Qxe4 24. Nd2 Nxd2 25. Qxd2 axb4 26. axb4 Re6 27. b5 Rg6 28. f4 c5 29. dxc5 Rxc5 30. Rxc5 Bxc5 31. Bd4 Bxd4 32. exd4 h6 33. Kh2 Rb6 34. Re1 Qf5 35. Re5 Qd7 36. Qe2 Qxb5 37. Re8+ Kh7 38. Qc2+ g6 39. Qc8 Qb4 40. Rh8+ Kg7 41. Qg8+ Kf6 42. Qd8+ Kf5 43. Qxd5+ Kxf4 44. Qe5# 1-0

[Event "CZE-chT2E 1112"]
[Site "Czech Republic"]
[Date "2012.01.08"]
[Round "5.2"]
[White "Zelenka, Milan"]
[Black "Maly, Marek"]
[Result "1/2-1/2"]
[WhiteElo "2153"]
[BlackElo "1996"]
[PlyCount "71"]
[EventDate "2011.10.09"]
[EventType "team-tourn"]
[EventRounds "11"]
[EventCountry "CZE"]
[SourceTitle "EXT 2013"]
[Source "ChessBase"]
[SourceDate "2012.11.22"]
[SourceVersion "1"]
[SourceVersionDate "2012.11.22"]
[SourceQuality "1"]
[WhiteTeam "Hostalkova"]
[BlackTeam "Sumperk"]
[WhiteTeamCountry "CZE"]
[BlackTeamCountry "CZE"]

1. d4 d5 2. c4 c6 3. Nc3 Nf6 4. Nf3 e6 5. Bg5 h6 6. Bxf6 Qxf6 7. e4 dxe4 8. Nxe4 Bb4+ 9. Nc3 c5 10. Rc1 cxd4 11. Qxd4 Nc6 12. Qxf6 gxf6 13. a3 Bxc3+ 14. Rxc3 Ke7 15. g3 Rd8 16. Bg2 e5 17. 0-0 Be6 18. b4 Rac8 19. c5 Bg4 20. Re1 Rc7 21. Rc4 Be6 22. Rh4 Rd3 23. a4 Bd5 24. Re3 Rd1+ 25. Ne1 Bxg2 26. Kxg2 Rb1 27. Nd3 Rd7 28. Rxh6 Nxb4 29. Nxb4 Rxb4 30. Rf3 Rxa4 31. Rhxf6 Kf8 32. c6 bxc6 33. Rxc6 Kg7 34. h4 Ra2 35. Rf5 e4 36. Kh3 1/2-1/2

[Event "Kouty nad Desnou op-A"]
[Site "Kouty nad Desnou"]
[Date "2011.03.13"]
[Round "2"]
[White "Maly, Marek"]
[Black "Navratil, Jiri2"]
[Result "1/2-1/2"]
[WhiteElo "1986"]
[BlackElo "2140"]
[PlyCount "34"]
[EventDate "2011.03.12"]
[EventType "swiss"]
[EventRounds "9"]
[EventCountry "CZE"]
[SourceTitle "EXT 2014"]
[Source "ChessBase"]
[SourceDate "2013.11.20"]
[SourceVersion "1"]
[SourceVersionDate "2013.11.20"]
[SourceQuality "1"]

1. d4 d5 2. Nf3 Nf6 3. c4 e6 4. Nc3 c6 5. Bg5 Be7 6. e3 Nbd7 7. cxd5 exd5 8. Bd3 0-0 9. 0-0 Re8 10. Qc2 Nf8 11. h3 Be6 12. Ne5 N8d7 13. Nxd7 Qxd7 14. b4 Rac8 15. Rac1 Qd6 16. Qb1 g6 17. b5 c5 1/2-1/2

[Event "Kouty nad Desnou op-A"]
[Site "Kouty nad Desnou"]
[Date "2011.03.12"]
[Round "1"]
[White "Novak, Jiri"]
[Black "Maly, Marek"]
[Result "0-1"]
[WhiteElo "1692"]
[BlackElo "1986"]
[PlyCount "86"]
[EventDate "2011.03.12"]
[EventType "swiss"]
[EventRounds "9"]
[EventCountry "CZE"]
[SourceTitle "EXT 2014"]
[Source "ChessBase"]
[SourceDate "2013.11.20"]
[SourceVersion "1"]
[SourceVersionDate "2013.11.20"]
[SourceQuality "1"]

1. c4 Nf6 2. Nc3 g6 3. g3 Bg7 4. Bg2 0-0 5. d3 d6 6. e4 e5 7. Nge2 Nc6 8. 0-0 Nd7 9. f4 exf4 10. Bxf4 Nde5 11. Qd2 f5 12. a3 a5 13. Rad1 Be6 14. b3 Nf7 15. d4 Bc8 16. exf5 Bxf5 17. d5 Nce5 18. Nd4 Qc8 19. Nxf5 Qxf5 20. Rde1 Qd3 21. Qe3 Rae8 22. Bxe5 Qxe3+ 23. Rxe3 Bxe5 24. Ref3 Bd4+ 25. Kh1 Bxc3 26. Rxc3 Ne5 27. Rxf8+ Kxf8 28. Bh3 Nf7 29. Rf3 Kg7 30. Bf1 Re1 31. Kg2 Ra1 32. a4 Ne5 33. Rf2 Rb1 34. Re2 Rxb3 35. c5 Rb4 36. cxd6 cxd6 37. Rc2 Rxa4 38. Rc7+ Kf6 39. Rxb7 h5 40. Rb6 Ra2+ 41. Kh3 Ng4 42. Rxd6+ Kg5 43. Bg2 Nf2# 0-1

[Event "Kouty nad Desnou op-A"]
[Site "Kouty nad Desnou"]
[Date "2010.03.07"]
[Round "2"]
[White "Framberk, Jan"]
[Black "Maly, Marek"]
[Result "1/2-1/2"]
[WhiteElo "2029"]
[BlackElo "1849"]
[PlyCount "73"]
[EventDate "2010.03.06"]
[EventType "swiss"]
[EventRounds "9"]
[EventCountry "CZE"]
[SourceTitle "CBM 135 Extra"]
[Source "ChessBase"]
[SourceDate "2010.05.04"]
[SourceVersion "1"]
[SourceVersionDate "2010.05.04"]
[SourceQuality "1"]

1. e4 d5 2. exd5 Nf6 3. Bb5+ Bd7 4. Bc4 Bf5 5. Nc3 Nbd7 6. Nf3 Nb6 7. Bb3 Nfxd5 8. Nxd5 Nxd5 9. Qe2 c6 10. d4 e6 11. 0-0 Be7 12. c4 Nb6 13. Bf4 0-0 14. Rad1 Bf6 15. Ne5 Bg5 16. Qe3 Bxf4 17. Qxf4 Qc7 18. Rfe1 Rad8 19. Qh4 Nd7 20. Nf3 Nf6 21. h3 h6 22. g4 Qf4 23. gxf5 Qxf3 24. fxe6 fxe6 25. Rxe6 Nh7 26. c5 Kh8 27. Rg6 Qf4 28. Qxf4 Rxf4 29. Rg4 Rf5 30. Bc2 Rh5 31. Bxh7 Kxh7 32. Kg2 Rxc5 33. dxc5 Rxd1 34. Rb4 Rd7 35. f4 Kg6 36. Kg3 Kf5 37. Rb3 1/2-1/2